Statistics for Name a Valid Person #1

Click here to take the quiz!

General Stats

  • This quiz has been taken 253 times
  • The average score is 7 of 18

Answer Stats

Name any valid person who…Possible Answers% Correct
was CEO of AppleMichael Scott | Mike Markkula | John Sculley | Michael Spindler | Gil Amelio | Steve Jobs | Tim Cook
95%
had a US state named after themQueen Henrietta Maria | King Charles I | King George II | Queen Elizabeth I | King Louis XIV | George Washington | William Penn
68%
appears on a currently issued Bank of England noteQueen Elizabeth II | Adam Smith | Matthew Boulton | James Watt | Winston Churchill | Jane Austen | William Turner
65%
scored more than 10 (cumulative) goals at the FIFA World CupJurgen Klinsmann | Sandor Kocsis | Pele | Just Fontaine | Gerd Muller | Ronaldo | Miroslav Klose
64%
won the Nobel Prize more than onceMarie Curie | Linus Pauling | John Bardeen | Frederick Sanger
64%
hosted The Tonight Show on NBCSteve Allen | Jack Paar | Johnny Carson | Jay Leno | Conan O'Brien | Jimmy Fallon
61%
portrayed Doctor Who in the 21st centuryChristopher Eccleston | David Tennant | Matt Smith | Peter Capaldi | Jodie Whittaker
41%
was named TIME's Person of the Year in the 1980sRonald Reagan | Lech Walesa | Yuri Andropov | Peter Ueberroth | Deng Xiaoping | Corazon Aquino | Mikhail Gorbachev
36%
had a song remain at the top of the Billboard Hot 100 for more than 15 weeksLil Nas X | Billy Ray Cyrus | Mariah Carey | Nathan Morris | Shawn Stockman | Wanya Morris | Luis Fonsi | Daddy Yankee | Justin Bieber
34%
directed a Harry Potter filmChris Columbus | Alfonso Cuaron | Mike Newell | David Yates
30%
defeated Muhammad Ali in a professional boxing matchJoe Frazier | Ken Norton | Leon Spinks | Larry Holmes | Trevor Berbick
27%
won all four tennis Grand Slams in the same yearDon Budge | Maureen Connolly | Rod Laver | Margaret Court | Steffi Graf
21%
was executed for treason against the United StatesThomas Hickey | William Mumford | Julius Rosenberg | Ethel Rosenberg
17%
walked on the moon in the 1970sAlan Shepard | Edgar Mitchell | David Scott | James Irwin | John Young | Charles Duke | Gene Cernan | Harrison Schmitt
11%
lived past the age of 120Jeanne Calment
9%
won the Booker Prize more than onceJ. M. Coetzee | Peter Carey | J. G. Farrell | Hilary Mantel | Margaret Atwood
9%
authored an official James Bond novel (but was not Ian Fleming)Kingsley Amis | John Pearson | Christopher Wood | John Gardner | Raymond Benson | Sebastian Faulks | Jeffery Deaver | William Boyd | Anthony Horowitz
6%
received an Academy Award for Best Director for their debut filmDelbert Mann | Jerome Robbins | Robert Redford | James L. Brooks | Kevin Costner | Sam Mendes
4%

Score Distribution

Percentile by Number Answered

Percent of People with Each Score

Your Score History

You have not taken this quiz